000
00279nam a2200109Ia 4500
001
1272308
005
20260417151426.0
008
260417s9999 xx 000 0 und d
020
_a
9786256309890
245
0
_a
Kendini Tavuk Zanneden Martı
_c
Enes Özel
260
_b
Ketebe Çocuk
999
_c
1272308
_d
1272308